MLB Top 5 NL MVP Voting 2020s - Statistics

General Stats
  • This quiz has been taken 219 times
  • The average score is 18 of 20
Answer Stats
Year Player % Correct
2021: 1 Phillies Bryce Harper
100%
2020: 1 Braves Freddie Freeman
99%
2022: 4 Dodgers Freddie Freeman
99%
2023: 3 Dodgers Freddie Freeman
99%
2023: 1 Braves Ronald Acuña Jr.
99%
2020: 2 Dodgers Mookie Betts
98%
2022: 5 Dodgers Mookie Betts
98%
2023: 2 Dodgers Mookie Betts
98%
2022: 1 Cardinals Paul Goldschmidt
98%
2020: 4 Padres Fernando Tatis Jr
95%
2021: 3 Padres Fernando Tatis Jr
95%
2020: 5 Nationals Juan Soto
95%
2021: 2 Nationals Juan Soto
95%
2020: 3 Padres Manny Machado
95%
2022: 2 Padres Manny Machado
95%
2022: 3 Cardinals Nolan Arenado
91%
2021: 5 Nationals/Dodgers Trea Turner
86%
2023: 5 Diamondbacks Corbin Carroll
82%
2023: 4 Braves Matt Olson
82%
2021: 4 Giants Brandon Crawford
50%
No matching quizzes found
Score Distribution
Percent of People with Each Score
Percentile by Number Answered
Your Score History
You have not taken this quiz